| 000 | 00938nam a2200301 i 4500 | ||
|---|---|---|---|
| 003 | EG-GICUC | ||
| 005 | 20260203115904.0 | ||
| 008 | 260203s1947 -uk| ||fr|||| 001 0 eng d | ||
| 040 |
_aEG-GiCUC _cEG-GiCUC _dEG-GiCUC _erda _beng |
||
| 041 | 0 | _aeng | |
| 082 | 0 | 4 |
_221 _a341.9 _bDE . S |
| 092 | 0 | 4 | _221 |
| 099 | _aLaw1 12 341.9 DE . S 1947 | ||
| 100 | 1 |
_aDeane, John R _eAuthor. |
|
| 245 | 1 | 4 |
_a The Strange Alliance : _bThe Story Of American Efforts At Wartime Co-operation With Russia / _cBy John R. Deane |
| 264 | 1 |
_aLondon : _bJohn Murray, _c1947. |
|
| 300 |
_a344 pages, _c24 cm. |
||
| 336 |
_2rda content _atext |
||
| 337 |
_2rda media _aComputer |
||
| 338 |
_2rda carrier _aOnline Resource |
||
| 500 | _aIncludes index. | ||
| 504 | _a | ||
| 546 | _aText in English | ||
| 650 | 1 | 4 | _aPrivate international law |
| 856 | 4 | 0 | _uhttps://fll.law.cu.edu.eg/fulltext/bks/B12-02658.pdf |
| 905 | _a48 | ||
| 942 |
_2ddc _cBK _e21 _n0 |
||
| 999 |
_c60489 _d60489 |
||